000 00795nac a22002051u 4500
008 100913t xxu||||| |||| 00| 0 eng d
020 _a0074630954
082 _a624.1821
_bDUG
100 _aDuggal ,S.K.
_918885
245 _aDesign of Steel Structures /
_cS.K. Duggal.
250 _a2nd ed.
260 _aNew Delhi:
_bTata McGraw-Hill, 2007
_cc.2007.
300 _a821p.:
_bill. ;
_c22cm.
504 _aIncludes Index.
650 _aBuilding, Iron and steel.
_918886
650 _aStructural design.
_918887
650 _aLoad factor design.
_918888
942 _cBB
_k624.1821DUG
_2ddc
999 _c2911
_d2911